000 00344nam a2200157Ia 4500
008 210430s9999 xx 000 0 und d
020 _a6/3/11
082 _a301 G4531A
245 _aAnthony
250 _a1094p
260 _aNational Book Foundation
300 _aSociology
650 _aIslamabad
856 _uBK
942 _cGEN
_2ddc
999 _c562820
_d562820